| 000 | 00000nam##2200000za#4500 |
| 001 | 9.680387 |
| 003 | CaOODSP |
| 005 | 20200330063822 |
| 007 | ta |
| 008 | 150407|1997||||xxc||||| f|0| 0 fre|d |
| 020 | |a0-662-82774-0 |
| 040 | |aCaOODSP|bfre |
| 043 | |an-cn--- |
| 086 | 1 |aSW21-18/1997F |
| 110 | 1 |aCanada. |bCondition féminine Canada. |
| 245 | 10|aTable ronde sur l'image des jeunes femmes véhiculée dans les médias / |cRapport Rapport établi par Shari Graydon. |
| 260 | |aOttawa - Ontario : |bCondition féminine Canada |c1997. |
| 300 | |a23p. ; |c28 cm. |
| 500 | |aConvoquée par la Secrétaire d'État à la Situation de la femme, l'honorable Hedy Fry. |
| 563 | |aCouverture souple |
| 590 | |a98-12|b1998-03-20 |
| 691 | 07|aFemme|2gcpds |
| 720 | 1 |aGraydon, Shari |
| 720 | 1 |aFry, Hedy |
| 775 | 08|tRound table on the portrayal of young women in the media / |w(CaOODSP)9.646849 |
| 776 | 0#|tTable ronde sur l'image des jeunes femmes véhiculée dans les médias : |w(CaOODSP)9.632924 |